000 01412nam a2200241 i 4500
001 170487
003 ES-MaACL
005 20250824073219.0
008 090310s1923 ag |||| | spa d
080 _a821.134.2 (82)-2"18"
100 1 _aCastañeda, Francisco.
_9139616
245 1 4 _aLas tres comedias de Doña María Retazos (1821) /
_cpor el padre Francisco Castañeda ; [noticia por Narciso Binayán].
260 _aBuenos Aires :
_b[s.n.],
_c1923 (
_fImp. y Casa Editora "Coni")
300 _a3 h., p. [165]-208 ;
_c23 cm.
490 1 _aSección de documentos. Primera serie. T. I: textos dramáticos en verso / Facultad de Filosofía y Letras de la Universidad de Buenos Aires, Instituto de Literatura Argentina ;
_v5
505 8 _aConriene: El frenesí político filosófico del siglo diecinueve, refutado por los siete periodistas. (p. 175-184). Progresos de Juan Santiago en Sud América (p. 185-195). Los solteros corregidos por la Excma. e Ilma. Comentadora y por su escudera Dª María Retazos (p. 196-208)
700 1 _aBinayán, Narciso.
_9152219
710 2 _aUniversidad de Buenos Aires.
_bInstituto de Literatura Argentina.
_9139614
830 0 0 _aSección de documentos.
_pPrimera serie.
_pTextos dramáticos en verso (Instituto de Literatura Argentina)
_v5
_9188932
852 _aES-MaACL
_jC-6627(5)
_zEnc. en un vol. facticio
942 _2udc
999 _c170487
_d170487